Basic training in systems analysis

Guardado en:
Detalles Bibliográficos
Formato: Libro
Lenguaje:inglés
Publicado: London Pitman 1971
Edición:2. ed.
Etiquetas: Agregar Etiqueta
Sin Etiquetas, Sea el primero en etiquetar este registro!

MARC

LEADER 00000nam a2200000 4500
001 c109369
005 20230118081018.8
041 0 |a eng 
044 |a GB 
245 1 0 |a Basic training in systems analysis 
250 |a 2. ed. 
264 1 |a London  |b Pitman  |c 1971 
300 |a 301 s.